| 000 | 01365nam a2200229Ia 4500 | ||
|---|---|---|---|
| 003 | Ost | ||
| 005 | 20260507075634.0 | ||
| 008 | 260507s9999||||xx |||||||||||||| ||und|| | ||
| 020 | _a2027259957 | ||
| 040 | _cfsecg | ||
| 041 | _aara | ||
| 082 | _a658.76 | ||
| 100 |
_aالصيرفي، محمد _eمؤلف |
||
| 245 | 0 |
_aإدارة المواد : _bالشراء والتخزين بين النظرية والتطبيق الكمي / _c محمد الصيرفي |
|
| 260 |
_aعمان: _bدار قنديل للنشر والتوزيع, _c2003 |
||
| 300 |
_a474 صفحة؛ _bإيضاحات ؛ _c24 سم |
||
| 520 | _aماهية الشراء وأهميته- أهداف وأغراض الشراء- تنظيم وإدارة المواد- إجراءات الشراء ومستنداته- الطرق الكمية لتخطيط الشراء- تكاليف الشراء- الاصول العلمية للشراء- تقييم أداء وظيفة الشراء- الفحص والتفتيش- مناولة المواد- النقل -مفهوم المخزون وأنواعه- إجراءات التخزين- توصيف وتبويب وترميز المخزون- تحديد موقع ومساحة المخزون -تطبيقات عامة في التخزين | ||
| 653 | _aإدارة المشتريات | ||
| 653 | _aالتخزين | ||
| 653 | _aالمواد-إدارة | ||
| 942 | _cكتاب | ||
| 999 |
_c45262 _d45262 |
||